|
|
|
|
| LEADER |
00000nam0a2200000 4500 |
| 001 |
108369 |
| 005 |
20231101214807.0 |
| 010 |
|
|
|a 9785741804766
|
| 035 |
|
|
|a (RuTPU)RU\TPU\book\116992
|
| 090 |
|
|
|a 108369
|
| 100 |
|
|
|a 20070119d2007 km y0rusy50 ca
|
| 101 |
0 |
|
|a rus
|
| 102 |
|
|
|a RU
|
| 105 |
|
|
|a a z 001zy
|
| 200 |
1 |
|
|a Углеэнергетические комплексы будущего
|f Л. А. Пучков, Б. М. Воробьев, Ю. Ф. Васючков
|g Московский государственный горный университет
|
| 210 |
|
|
|a Москва
|c Изд-во Московского гос. горного ун-та
|d 2007
|
| 215 |
|
|
|a 245 с.
|c ил.
|
| 225 |
1 |
|
|a Горные науки
|
| 320 |
|
|
|a Список литературы: с. 243.
|
| 330 |
|
|
|a Рассматривается углегазоэнергетический комплекс как целостная производственная система добычи метана, газификации угольного пласта и производства на их базе электроэнергии. Новая энергетическая идея и роль угля изложены с позиций достижения устойчивого развития. Освещаются общие вопросы энергопотребления и приводятся прогнозы добычи энергетических углей. Сформулированы принципы формирования экологически чистых и ресурсосберегающих углеэнергетических комплексов. Впервые в отечественной литературе приводятся основные демонстрационные проекты федеральной программы США «Чистые угольные технологии». Особое место в работе отводится новой концепции «уголь — газ — электричество», предложенной и развиваемой авторами, и концепт-модели углегазоэлектрических комплексов будущего, включая комплексы на водородном топливе, защищенные патентами РФ. Излагаются методические основы концептуального проектирования чистых и сверхчистых комплексов «уголь — газ — электричество». Для широкого круга читателей: специалистов, студентов и аспирантов, научных работников и всех интересующихся перспективами развития топливно-энергетического комплекса вообще и углеэнергетики, в частности.
|
| 606 |
1 |
|
|a Угледобыча
|x Качество
|2 stltpush
|3 (RuTPU)RU\TPU\subj\62346
|9 79426
|
| 610 |
1 |
|
|a угольная промышленность
|
| 610 |
1 |
|
|a уголь
|
| 610 |
1 |
|
|a энергогенерирующее производство
|
| 610 |
1 |
|
|a энергогенерирующие комплексы
|
| 610 |
1 |
|
|a технологические элементы
|
| 610 |
1 |
|
|a источники энергии
|
| 610 |
1 |
|
|a угольный метан
|
| 610 |
1 |
|
|a углегазификация
|
| 610 |
1 |
|
|a подземное сжигание
|
| 610 |
1 |
|
|a скважинная гидродобыча
|
| 610 |
1 |
|
|a чистые угольные технологии
|
| 610 |
1 |
|
|a экологически чистые комплексы
|
| 610 |
1 |
|
|a уголь
|
| 610 |
1 |
|
|a водородное топливо
|
| 610 |
1 |
|
|a Кузнецкий угольный бассейн
|
| 610 |
1 |
|
|a газ
|
| 610 |
1 |
|
|a электричество
|
| 675 |
|
|
|a 622.333.004
|v 3
|
| 675 |
|
|
|a 620.91
|v 3
|
| 700 |
|
1 |
|a Пучков
|b Л. А.
|g Лев Александрович
|
| 701 |
|
1 |
|a Воробьев
|b Б. М.
|g Борис Михайлович
|
| 701 |
|
1 |
|a Васючков
|b Ю. Ф.
|g Юрий Федорович
|
| 712 |
0 |
2 |
|a Московский государственный горный университет
|2 stltpush
|3 (RuTPU)RU\TPU\col\453
|
| 801 |
|
1 |
|a RU
|b 63413507
|c 20070119
|g PSBO
|
| 801 |
|
2 |
|a RU
|b 63413507
|c 20150720
|g PSBO
|
| 942 |
|
|
|c BK
|
| 959 |
|
|
|a 1/20070112
|d 1
|e 0
|f ЧЗТЛ:1
|
| 959 |
|
|
|a 46/20070529
|d 1
|e 400,00
|f ЧЗТЛ:1
|